Deities, archers, and planners in the era of decentralisation / (Record no. 2553)

MARC details
000 -LEADER
fixed length control field 00744cam a2200205 4500
001 - CONTROL NUMBER
control field 3165
005 - DATE AND TIME OF LATEST TRANSACTION
control field 20181127170619.0
008 - FIXED-LENGTH DATA ELEMENTS--GENERAL INFORMATION
fixed length control field 071016s2004 bt b 000 0 eng
010 ## - LIBRARY OF CONGRESS CONTROL NUMBER
LC control number 2007340807
020 ## - INTERNATIONAL STANDARD BOOK NUMBER
International Standard Book Number 9993663301
100 1# - MAIN ENTRY--PERSONAL NAME
Personal name Ura, Karma,
Dates associated with a name 1961-
245 10 - TITLE STATEMENT
Title Deities, archers, and planners in the era of decentralisation /
Statement of responsibility, etc. Karma Ura.
260 ## - PUBLICATION, DISTRIBUTION, ETC.
Place of publication, distribution, etc. Bhutan :
Name of publisher, distributor, etc. Karma Ura,
Date of publication, distribution, etc. 2004.
300 ## - PHYSICAL DESCRIPTION
Extent ii, 323 p. ;
Dimensions 22 cm.
504 ## - BIBLIOGRAPHY, ETC. NOTE
Bibliography, etc. note Includes bibliographical references.
520 ## - SUMMARY, ETC.
Summary, etc. Collection of writings predominantly on socio-cultural life and decentralization in government of Bhutan.
650 #0 - SUBJECT ADDED ENTRY--TOPICAL TERM
Topical term or geographic name entry element Decentralization in government
Geographic subdivision Bhutan.
651 #0 - SUBJECT ADDED ENTRY--GEOGRAPHIC NAME
Geographic name Bhutan
General subdivision Politics and government.
Geographic name Bhutan
General subdivision Social life and customs.
Holdings
Withdrawn status Lost status Source of classification or shelving scheme Damaged status Not for loan Collection code Home library Current library Shelving location Serial Enumeration / chronology Inventory number Total Checkouts Full call number Barcode Date last seen Date last checked out Price effective from Koha item type
    Dewey Decimal Classification     Reference RTC Library RTC Library Reference 5543 1 954.98 URA 30001926 08/05/2019 06/05/2019 27/11/2018 Reference
Royal Thimphu College || All Right Reserved